Un theoreme de representabilite relative sur le foncteur de Picard

Gespeichert in:
Bibliographische Detailangaben
Hauptverfasser: Raynaud, M (VerfasserIn), Kleiman, S (VerfasserIn)
Format: Buch
Sprache:Französisch
Veröffentlicht: Valparaíso Universidad Católica de Valparaíso 1970
Schlagworte:
Tags: Tag hinzufügen
Keine Tags, Fügen Sie den ersten Tag hinzu!

MARC

LEADER 00000nam a2200000 a 4500
001 UCP2646
003 CL-VaPUC
008 990520e19700000CL |||||||||||||||||fre|d
082 0 4 |a 512.55  |b RAY  |2 21 
100 0 |a Raynaud, M  |e author  |9 429547 
700 0 |a Kleiman, S  |e author  |9 429548 
245 1 3 |a Un theoreme de representabilite relative sur le foncteur de Picard 
246 1 4 |a Les theoremes de finitude pour le foncteur de Picard 
300 |a 72 p 
942 |c BK 
945 |d 19990520 00:00:00  |a crobeson 
260 |a Valparaíso  |b Universidad Católica de Valparaíso  |c 1970 
650 7 |a CATEGORIAS  |2 CL-VaPUC  |9 370232 
650 0 |a Geometría algebraica  |9 270327 
650 0 |a Teoría de campos  |9 316480 
583 |a last modification  |c 19990520 00:00:00  |k Rodrigo Vera 
999 |c 281155  |d 281153 
952 |0 0  |1 0  |4 0  |6 512_550000000000000_RAY_1970  |7 0  |8 A  |9 321823  |a BIBMAT  |b BIBMAT  |d 2019-11-20  |i 1346504  |o 512.55 RAY 1970  |p 1346504  |r 2025-01-07  |w 2019-11-20  |y BK  |k MAT